000 00262nam a2200109Ia 4500
008 190216s9999||||xx |||||||||||||| ||und||
100 _aEarl D Harison
245 0 _aAnimal Diversity
260 _bPrentice Hall Of India Pvt Ltd
650 _aZoology
942 _cBK
999 _c37299
_d37299